| 000 | 00443nam a22001697a 4500 | ||
|---|---|---|---|
| 003 | MPLRDC | ||
| 005 | 20220104125439.0 | ||
| 008 | 210129b ||||| |||| 00| 0 eng d | ||
| 082 | _a886.61 KDS | ||
| 100 | _a伊赫桑. 阿卜杜. 库杜斯 | ||
| 245 |
_a我家有个男子汉 _c施仁译 |
||
| 250 | _a一版一刷 | ||
| 260 |
_a _b上海译文出版社 _c1986 |
||
| 300 | _b平 | ||
| 650 | _a非洲各国文学 | ||
| 942 |
_cBK _o886.61 KDS |
||
| 999 |
_c27429 _d27419 |
||